000 01639nam a2200373 a 4500
999 _c529573
_d529573
001 1545524
003 NUST
005 20190927155823.0
008 910725s1991 dcua b 000 0 eng
010 _a 91066124
020 _a0309049245 (pbk.) :
_c$10.00
038 _aMSOHAIL
040 _aDLC
_cDLC
050 0 0 _aTE270
_b.H53 1991
082 0 0 _a625.85
_220
100 1 _aHicks, Russell G.
_921879
245 1 0 _aMoisture damage in asphalt concrete /
_cR. Gary Hicks.
260 _aWashington, D.C. :
_bTransportation Research Board, National Research Council,
_c[1991]
300 _a90 p. :
_bill. ;
_c28 cm.
490 1 _aSynthesis of highway practice / National Cooperative Highway Research Program,
_x0547-5570 ;
_v175
500 _a"October 1991."
500 _a"Research sponsored by the American Association of State Highway and Transportation Officials in cooperation with the Federal Highway Administration."
500 _a"Project 20-5 FY 1987 (Topic 19-09)"--T.p. verso.
504 _aIncludes bibliographical references (p. 39-41).
650 0 _aPavements, Asphalt concrete.
_921880
650 0 _aAsphalt concrete
_xMoisture.
_921881
710 2 _aNational Research Council (U.S.).
_bTransportation Research Board.
_919676
710 2 _aAmerican Association of State Highway and Transportation Officials.
_919553
710 1 _aUnited States.
_bFederal Highway Administration.
_920149
830 0 _aSynthesis of highway practice ;
_v175.
_921882
906 _a7
_bcbc
_corignew
_d2
_eopcn
_f19
_gy-gencatlg
942 _2ddc
_cBK